CHRONICKÁ HEPATITÍDA C A HEMOFÍLIA MAJÚ PACIENTI S HEMOFÍLIOU ROVNAKÚ ŠANCU NA VYLIEČENIE?

Bibliographic Details
Main Authors: Bátorová, Angelika, 1950- (Author), Horváthová, Daniela (Author), Jankovičová, Denisa (Author), Holomáň, Jozef, 1948- (Author), Belovičová, Mária, 1975- (Author), Wawruch, Martin, 1975- (Author)
Format: Article
Language:Slovak

MARC

LEADER 00000nab a2200000ua 4500
001 vtls010800161
003 SK-MaSNL
005 20260303172230.0
008 230121s2009 xo |||||||||||||||||slo|
035 |a (urnnbn)urn:nbn:sk:snk:ar-a05knq 
035 |a (uuid)0e7a80c3-9cb0-4405-a559-54a7648a35fa 
035 |a urn:nbn:sk:snk-ab4ub2 
040 |a SNKBUCL  |b slo  |c SNKBUCL  |e AACR2 
041 0 |a slo 
044 |a xo  |c SK 
100 1 |a Bátorová, Angelika,  |d 1950-  |4 aut  |9 229479 
245 1 0 |a CHRONICKÁ HEPATITÍDA C A HEMOFÍLIA  |b MAJÚ PACIENTI S HEMOFÍLIOU ROVNAKÚ ŠANCU NA VYLIEČENIE?  |c Angelika Bátorová, Daniela Horváthová, Denisa Jankovičová, Jozef Holomáň, Mária Belovičová, Martin Wawruch 
700 1 |a Horváthová, Daniela  |4 aut  |9 48540 
700 1 |a Jankovičová, Denisa  |4 aut  |9 1197473 
700 1 |a Holomáň, Jozef,  |d 1948-  |4 aut  |9 131910 
700 1 |a Belovičová, Mária,  |d 1975-  |4 aut  |9 212094 
700 1 |a Wawruch, Martin,  |d 1975-  |4 aut  |9 208321 
773 0 |t Interná medicína  |g Roč. 9, č. 3 (2009), s. 143-147 
954 |a odborná, vedecká literatúra pôvodná (slovenská)  |2 lita 
958 |a OND 
958 |a EUIPO 
958 |a article3 
999 |c 2085521  |d 2087451